One region, two speeds? : (Registro nro. 11721)

Detalles MARC
000 -LEADER
fixed length control field 01252nam a2200253Ia 4500
003 - CONTROL NUMBER IDENTIFIER
control field OSt
005 - DATE AND TIME OF LATEST TRANSACTION
control field 20210514094727.0
008 - FIXED-LENGTH DATA ELEMENTS--GENERAL INFORMATION
fixed length control field 210310s2011 wauad gr 000 0 eng d
040 ## - CATALOGING SOURCE
Original cataloging agency CO-JMCR
Transcribing agency CO-JMCR
041 0# - LANGUAGE CODE
Language code of text/sound track or separate title eng
082 04 - DEWEY DECIMAL CLASSIFICATION NUMBER
Classification number 330.9805 /
Item number I572o
Edition number 23
100 1# - MAIN ENTRY--PERSONAL NAME
Personal name Izquierdo, Alejandro,
Relator term autor
9 (RLIN) 16733
245 10 - TITLE STATEMENT
Title One region, two speeds? :
Remainder of title challenges of the new global economic order for Latin america and the Caribbean /
Statement of responsibility, etc. Alejandro Izquierdo, Ernesto Talvi
260 ## - PUBLICATION, DISTRIBUTION, ETC.
Place of publication, distribution, etc. Washington :
Name of publisher, distributor, etc. Inter-American Development Bank,
Date of publication, distribution, etc. 2011.
300 ## - PHYSICAL DESCRIPTION
Extent 57 páginas :
Other physical details ilustraciones y gráficas a color ;
Dimensions 25 cm.
501 ## - WITH NOTE
With note Con: notas a pie de página.
504 ## - BIBLIOGRAPHY, ETC. NOTE
Bibliography, etc. note Bibliografía: páginas 49-51.
505 0# - FORMATTED CONTENTS NOTE
Formatted contents note Two Latin Americas during and after the Global Crisis: who benefited, who was hurt and why? -- What´s next? Latin America and the Caribbean´s insertion into the post-finasncial crisis new global economic order. -- Building Latin America and the Caribbean´s decade: policy chanllenges for the new global economic order.
650 14 - SUBJECT ADDED ENTRY--TOPICAL TERM
Topical term or geographic name entry element Economic conditions
9 (RLIN) 6631
650 24 - SUBJECT ADDED ENTRY--TOPICAL TERM
Topical term or geographic name entry element Case studies.
9 (RLIN) 37620
650 24 - SUBJECT ADDED ENTRY--TOPICAL TERM
Topical term or geographic name entry element International economic relations
9 (RLIN) 37621
700 1# - ADDED ENTRY--PERSONAL NAME
Personal name Talvi, Ernesto,
Relator term Coordinador
9 (RLIN) 37622
942 ## - ADDED ENTRY ELEMENTS (KOHA)
Source of classification or shelving scheme Dewey Decimal Classification
Koha item type Books
Existencias
Withdrawn status Lost status Source of classification or shelving scheme Damaged status Not for loan Home library Current library Shelving location Date acquired Source of acquisition Full call number Barcode Date last seen Copy number Price effective from Koha item type Total Checkouts
    Dewey Decimal Classification     Biblioteca Pública José María del Castillo y Rada Biblioteca Pública José María del Castillo y Rada General Stacks 04/15/2018 Donación 330.9805 / I572o 430002186 05/16/2024 Ej.1 03/10/2021 Books  
    Dewey Decimal Classification     Biblioteca Pública José María del Castillo y Rada Biblioteca Pública José María del Castillo y Rada General Stacks 04/15/2018 Donación 330.9805 / I572o 430002185 05/16/2024 Ej.2 03/10/2021 Books